000 00363nam a2200169 a 4500
008 190521s1995|||| d
100 1 _aVinar Oldrich
245 1 0 _aLéky pro duši
260 _aPraha
_c1995
_bGrada
250 _a1.vydanie
020 _a8071691550
_c0
490 _ahueber
958 _aA
300 _a218s.
041 _acze
044 _aCZ
999 _c20686
_d20686